The state in india / (Record no. 164610)

MARC details
000 -LEADER
fixed length control field 00463nam a22001697a 4500
005 - DATE AND TIME OF LATEST TRANSACTION
control field 20190523124816.0
010 ## - LCCN (DPL NO)
LC control number B-225937
020 ## - INTERNATIONAL STANDARD BOOK NUMBER
International Standard Book Number 0195672771
Terms of availability 595.00
035 ## - SYSTEM CONTROL NUMBER
System control number B-225937
037 ## - SOURCE OF ACQUISITION
Source of stock number/acquisition Oxford University Press
082 ## - DEWEY DECIMAL CLASSIFICATION NUMBER
Classification number 954
100 ## - MAIN ENTRY--PERSONAL NAME
Personal name Kimura, Masaaki.
245 ## - TITLE STATEMENT
Title The state in india /
Statement of responsibility, etc Masaaki Kimura.
260 ## - PUBLICATION, DISTRIBUTION, ETC. (IMPRINT)
Place of publication, distribution, etc New Delhi
Name of publisher, distributor, etc Oxford University Press
Date of publication, distribution, etc 2006
300 ## - PHYSICAL DESCRIPTION
Extent 325p
Dimensions 22cm (hbk)
942 ## - ADDED ENTRY ELEMENTS (KOHA)
Source of classification or shelving scheme Dewey Decimal Classification
Item type English Books
Classification part 954
Call number suffix STA
Holdings
Withdrawn status Lost status Not for loan Collection code Home library Current library Date acquired Full call number Barcode Koha item type
      Non-fiction Sarojini Nagar Sarojini Nagar 23/05/2019 954 STA B-225937 English Books

© Delhi Public Library
Hit Counter
free hit counter